Άτομα με ειδικές εκπαιδευτικές ανάγκες (Α.μ.Ε.Ε.Α) στα σχολεία γενικής αγωγής στην πρωτοβάθμια εκπαίδευση : ζητήματα και δυνατότητες άσκησης εσωτερικής εκπαιδευτικής πολιτικής
Αποθηκεύτηκε σε:
| Κύριος συγγραφέας: | |
|---|---|
| Μορφή: | Βιβλίο |
| Γλώσσα: | Greek |
| Δημοσίευση: |
Θεσσαλονίκη :
[χ.ό.],
2010
|
| Θέματα: | |
| Ετικέτες: |
Προσθήκη ετικέτας
Δεν υπάρχουν, Καταχωρήστε ετικέτα πρώτοι!
|
MARC
| LEADER | 00000cam a2200000 i 4500 | ||
|---|---|---|---|
| 001 | 1/16493 | ||
| 008 | 111116s2010 gre d | ||
| 020 | |a 978-960-92854-0-7 | ||
| 035 | |l 10111371 | ||
| 040 | |a GR-MY-UA |b gre |e aacr | ||
| 041 | 0 | |a gre | |
| 082 | 0 | |a 371.91 |2 (22) | |
| 100 | 1 | |a Καϊσέρογλου, Νικόλαος. | |
| 245 | 1 | 0 | |a Άτομα με ειδικές εκπαιδευτικές ανάγκες (Α.μ.Ε.Ε.Α) στα σχολεία γενικής αγωγής στην πρωτοβάθμια εκπαίδευση : |b ζητήματα και δυνατότητες άσκησης εσωτερικής εκπαιδευτικής πολιτικής / |c Νικόλαος Καϊσέρογλου |
| 260 | |a Θεσσαλονίκη : |b [χ.ό.], |c 2010 | ||
| 300 | |a 207 σ.; |b πιν.; |c 23 εκ. | ||
| 504 | |a Βιβλιογραφία: σ. 141-149 | ||
| 650 | 0 | 0 | |a Children with disabilities. |
| 650 | 0 | 0 | |a Children with disabilities |x Education. |
| 650 | 0 | 0 | |a Children with disabilities |x Case studies. |
| 852 | |a INST |b LESVOS |e 20140605 |h 371.91 ΚΑΙ |p 005100054332 |q 005100054332 |t BK |y 0 | ||
| 852 | |a INST |b RHODES |e 20111116 |h 371.91 ΚΑΙ |p 005400033810 |q 005400033810 |t BK |y 0 | ||
| 901 | |a BIBL4-2011-3 | ||
| 901 | |a BIBL1-2014-2 | ||
| 970 | |z 2011/11/16 | ||